Factors hindering oral presentation of non-English major students at a college in Can Tho city : Master of education. Program: Principles and methods in English language education
Nghiên cứu nhằm tìm ra những yếu tố cản trở việc thuyết trình bằng tiếng Anh của sinh viên không chuyên ngữ.
Spremljeno u:
| Glavni autor: | |
|---|---|
| Format: | Knjiga |
| Jezik: | Undetermined |
| Izdano: |
Cần Thơ
Trường Đại học Cần Thơ
2017
|
| Teme: | |
| Oznake: |
Dodaj oznaku
Bez oznaka, Budi prvi tko označuje ovaj zapis!
|
| Thư viện lưu trữ: | Trung tâm Học liệu Trường Đại học Cần Thơ |
|---|
| LEADER | 00977nam a2200205Ia 4500 | ||
|---|---|---|---|
| 001 | CTU_225478 | ||
| 008 | 210402s9999 xx 000 0 und d | ||
| 082 | |a 428.007 | ||
| 082 | |b Th108 | ||
| 100 | |a Lê, Thị Thảo | ||
| 245 | 0 | |a Factors hindering oral presentation of non-English major students at a college in Can Tho city : | |
| 245 | 0 | |b Master of education. Program: Principles and methods in English language education | |
| 245 | 0 | |c Lê Thị Thảo ; Nguyễn Thị Phương Hồng (Cán bộ hướng dẫn) | |
| 260 | |a Cần Thơ | ||
| 260 | |b Trường Đại học Cần Thơ | ||
| 260 | |c 2017 | ||
| 520 | |a Nghiên cứu nhằm tìm ra những yếu tố cản trở việc thuyết trình bằng tiếng Anh của sinh viên không chuyên ngữ. | ||
| 650 | |a Tiếng Anh,English language | ||
| 650 | |x Dạy và học,Study and teaching | ||
| 980 | |a Trung tâm Học liệu Trường Đại học Cần Thơ | ||